000 00414nam a2200157 i 4500
001 bg
100 1 _aSTEININGER, Zygmunt
245 0 _aObróbka cieplna i powierzchniowa drutów stalowych /
_cZygmunt Steininger.
260 _aKatowice,
_c1978.
490 1 _aBiblioteka Metalurga
830 _aBiblioteka Metalurga
040 _cBPK
041 _apol
942 _cKS
008 s pl f |000 0 pol
999 _c9519
_d9519
856 _uhttp://koha.tu.koszalin.pl/cgi-bin/koha/opac-detail.pl?biblionumber=9519
_yKatalog online BPK